000 00385nam a2200145Ia 4500
008 230711s9999||||xx |||||||||||||| ||und||
041 _aENG
082 _a624
_bRA-D
100 _aRaju N Krishna
245 0 _aDesign of Reinforced Concrete Structure 
260 _c1990
_aNew Delhi
_bCBS Publishers & Distributors Pvt.Ltd
300 _a294p.
650 _aCivil Engineering
942 _cBK
999 _c913
_d913